| 000 | 00382nam a2200133Ia 4500 | ||
|---|---|---|---|
| 008 | 231129s9999||||xx |||||||||||||| ||spa|| | ||
| 020 | _a968-880-511-4 | ||
| 040 | _bspa | ||
| 082 | _a004.6 S876t | ||
| 100 | _aStoltz Kevin | ||
| 245 | 0 | _aTodo acerca de las redes de computadoras | |
| 264 | _aPrentice-Hall Hispanoamericana | ||
| 942 |
_2ddc _cBKS |
||
| 999 |
_c25448 _d25448 |
||